000 01746cam a2200469 a 4500
001 84595
005 20230410130543.0
008 070607s2007 tnua 000 0 eng
010 _a 2007023836
035 _a(OCoLC)ocn141484562
040 _aDLC
_cDLC
_dBAKER
_dYDXCP
_dBTCTA
_dZS3
_dWIQ
_dOMP
_dSMP
_dCQU
_dNLGGC
020 _a9781401603274
020 _a1401603270
029 1 _aAU@
_b000041722813
029 1 _aNZ1
_b11433293
029 1 _aNLGGC
_b321870875
035 _a(OCoLC)141484562
043 _an-us---
050 1 4 _aPN 1992.3
_bM478w 2007
082 0 0 _a384.550973
049 _aGRAL
100 1 _aMcMahon, Ed.
245 1 0 _aWhen television was young :
_bthe inside story with memories by legends of the small screen /
_cEd McMahon and David Fisher.
260 _aNashville, Tenn. :
_bT. Nelson,
_cc2007.
300 _avi, 314 p. :
_bill. ;
_c24 cm.
500 _aIncludes index.
650 0 _aTelevision broadcasting
_zUnited States
_xHistory.
650 4 _aTeledifusión
_zEstados Unidos.
650 4 _aTeledifusión
_xInovaciones tecnológicas.
650 4 _aProgramas de televisión
_xInovaciones tecnológicas.
650 4 _aProgramas de televisión
_zEstados Unidos.
650 4 _aIndustria de la televisión
_zEstados Unidos.
700 1 _aFisher, David,
_d1946-
856 4 1 _3Table of contents only
_uhttp://www.loc.gov/catdir/toc/ecip0720/2007023836.html
856 4 2 _3Publisher description
_uhttp://www.loc.gov/catdir/enhancements/fy0727/2007023836-d.html
938 _aBaker & Taylor
_bBKTY
_c24.99
_d18.74
_i1401603270
_n0007244721
_sactive
938 _aYBP Library Services
_bYANK
_n2558240
938 _aBaker and Taylor
_bBTCP
_nBK0007244721
942 _2lcc
_cbk
994 _aC0
_bDRFGD
946 _anc
999 _c76036
_d76036